| 000 | 00792nam0a22002771 4500 | ||
|---|---|---|---|
| 001 | RU\NLR\INFOCOMM_190\5000082814 | ||
| 005 | 20250613101439.0 | ||
| 010 |
_915880 экз. _z5-05-005396-6 |
||
| 035 | _a(NLR Aleph) 009379023 | ||
| 090 |
_a7970629 _c7970629 |
||
| 100 | _a20101222d1985 |||y0rusy50 ca | ||
| 101 | 1 |
_aeng _crus |
|
| 102 | _aRU | ||
| 105 | _aa ||||000|y | ||
| 200 | 1 |
_aMother _e[A novel] _f[Ill. by Kukryniksy] |
|
| 205 | _a17th print. | ||
| 210 |
_aM. _cRaduga _d1985 |
||
| 215 |
_a426 с. _cил. |
||
| 686 |
_aЛх-р838(англ.) _2rubbk |
||
| 700 | 1 |
_9z01790 _aGor'kij _bM. _f1868-1936 _gMaksim _4070 |
|
| 790 | 1 |
_9z01700 _aGorky _bM. _c[pseud.] _gMaxim _4070 |
|
| 801 | 1 |
_aRU _bNLR _c20101222 |
|
| 801 | 0 |
_aRU _bNLR _gPSBO |
|
| 852 |
_aNLR _jЛ31 Д-3/613 |
||
| 942 | _cBOOK | ||
| 980 | _aNB | ||